El cuento fantástico argentino : antología /
Guardado en:
| Autor Principal: | |
|---|---|
| Otros Autores: | , , , , , , , |
| Formato: | Libro |
| Idioma: | Undetermined |
| Publicado: |
Buenos Aires :
Kapelusz,
2011.
|
| Edición: | 1a ed. 2a reimp. |
| Series: | Grandes Obras de la Literatura Universal ;
2 |
| Materias: | |
| Etiquetas: |
Agregar Etiqueta
Sin Etiquetas, Sea el primero en etiquetar este registro!
|
| LEADER | 01443nam a22003135a 4500 | ||
|---|---|---|---|
| 001 | CEM.cems024239 | ||
| 008 | 240815s2011####ag############000#0#und#d | ||
| 005 | 20240815180624.0 | ||
| 245 | 1 | 0 | |a El cuento fantástico argentino : |b antología / |c Jorge Luis Borges ... y otros ; ilustrado por Gabriel Molinari ; prólogo por Alberto Manguel y Patricia Wilson. |
| 250 | |a 1a ed. 2a reimp. | ||
| 260 | |a Buenos Aires : |b Kapelusz, |c 2011. | ||
| 300 | |a 152 p. | ||
| 490 | 1 | |a Grandes Obras de la Literatura Universal ; |v 2 | |
| 500 | |a Incluye actividades para el aula. | ||
| 505 | 0 | |a La literatura fantástica en la Argentina / Alberto Manguel -- Una aproximación a la literatura fantástica / Patricia Wilson -- El sur / Jorge Luis Borges -- Casa tomada / Julio Cortázar -- Los espías / Manuel Mujica Láinez -- Las invitadas / Silvina Ocampo -- Las estatuas / Enrique Anderson Imbert -- El automóvil / Vicente Barbieri | |
| 020 | |a 9789501323283 | ||
| 100 | 1 | |a Manguel, Alberto; pról. | |
| 700 | 1 | |a Wilson, Patricia; pról. | |
| 700 | 1 | |a Borges, Jorge Luis. | |
| 700 | 1 | |a Cortázar, Julio. | |
| 700 | 1 | |a Mujica Láinez, Manuel. | |
| 700 | 1 | |a Ocampo, Silvina. | |
| 700 | 1 | |a Anderson Imbert, Enrique. | |
| 700 | 1 | |a Barbieri, Vicente. | |
| 700 | 1 | |a Molinari, Gabriel; il. | |
| 653 | |a Antología | ||
| 653 | |a Literatura argentina | ||
| 653 | |a Literatura fantástica | ||
| 859 | |a CEMS |b BIB. CEMS - Inicial y Primaria |h 808.8 |i B644 |k IP |p 5055 |t Ej.1 | ||
